000 00448nam a22001097a 4500
082 _a330
100 _aघटना चक्र
_981916
245 _aसामान्‍य अध्‍ययन पूर्वावलोकन आथिक एवं सामाजिक विकास - 2023
260 _aइलाहाबाद
_bघटना चक्र
_c2023
650 _aअर्थशास्‍त्र
942 _cC. BOOKS
999 _c66496
_d66496